Journey of caste in India: Voices from margins (Record no. 1225107)

MARC details
000 -LEADER
fixed length control field 00641nam a2200217Ia 4500
005 - DATE AND TIME OF LATEST TRANSACTION
control field 20241129104247.0
008 - FIXED-LENGTH DATA ELEMENTS--GENERAL INFORMATION
fixed length control field 241129s9999||||xx |||||||||||||| ||und||
020 ## - INTERNATIONAL STANDARD BOOK NUMBER
International Standard Book Number 9781032768182
037 ## - SOURCE OF ACQUISITION
Stock number Textual
040 ## - CATALOGING SOURCE
Original cataloging agency RTL
Language of cataloging eng
Transcribing agency RTL
041 ## - LANGUAGE CODE
Language code of text/sound track or separate title eng
Source of code eng
084 ## - COLON CLASSIFICATION NUMBER
Classification number Y592.2.N3 R4
Assigning agency RTL
100 ## - MAIN ENTRY--PERSONAL NAME
Personal name Sukumar N.; D'Souza Paul
9 (RLIN) 725482
245 #0 - TITLE STATEMENT
Title Journey of caste in India: Voices from margins
Statement of responsibility, etc. Sukumar N.; D'Souza Paul
260 ## - PUBLICATION, DISTRIBUTION, ETC.
Place of publication, distribution, etc. New York
Name of publisher, distributor, etc. Routledge
Date of publication, distribution, etc. 2024
300 ## - PHYSICAL DESCRIPTION
Extent xiv,207p.
365 ## - TRADE PRICE
Price type code INR
Price amount Rs.1295.00
650 ## - SUBJECT ADDED ENTRY--TOPICAL TERM
Topical term or geographic name entry element Caste- India
9 (RLIN) 582695
942 ## - ADDED ENTRY ELEMENTS (KOHA)
Koha item type Textbook
Classification part Y592.2.N3 R4
Holdings
Withdrawn status Lost status Damaged status Not for loan Home library Current library Date acquired Source of acquisition Inventory number Total Checkouts Full call number Barcode Date last seen Price effective from Koha item type
        Ratan Tata Library Ratan Tata Library 2024-11-29 Bright book Service 2294 & 7/2/24   Y592.2.N3 R4 RT1528043 2024-11-29 2024-11-29 Textbook
Copyright @ Delhi University Library System